000 00504nam a2200193Ia 4500
003 GCL
008 140319s9999 xx 000 0 ara d
040 _aGCL /
_cGCL
082 0 4 _aط
_b599.74446
_bو د
100 1 _aوفاء اشرف
245 1 0 _aالدب /
_cوفاء اشرف
700 1 _aعادل البطراوى
300 _a16 ص
490 _aاريد ان اعرف
_v0
650 0 4 _aالاطفال
650 0 4 _aالدب
650 0 4 _aالحيوانات - تربية
942 _2ddc
_cBK
999 _c51240
_d51240